|
|
|
|
| LEADER |
01072nam a2200301 a 4500 |
| 001 |
4545 |
| 003 |
BD-DhAAL |
| 005 |
20150302095004.0 |
| 008 |
150302s2003 nyua b 001 0 eng d |
| 010 |
|
|
|a 2003271099
|
| 020 |
|
|
|a 0670031968
|
| 040 |
|
|
|a UPZ
|c UPZ
|d TXH
|d DLC
|d BD-DhAAL
|
| 050 |
0 |
0 |
|a HF5386
|b .C898 2003
|
| 082 |
0 |
0 |
|a 650.1
|2 22
|
| 100 |
1 |
|
|a Csikszentmihalyi, Mihaly.
|9 8902
|
| 245 |
1 |
0 |
|a Good business :
|b leadership, flow, and the making of meaning /
|c Mihaly Csikszentmihalyi.
|
| 260 |
|
|
|a New York :
|b Viking,
|c 2003.
|
| 300 |
|
|
|a vi, 244 p. :
|b ill. ;
|c 24 cm.
|
| 504 |
|
|
|a Includes bibliographical references (p.[229]-235) and index.
|
| 541 |
|
|
|e 4545
|
| 650 |
|
0 |
|a Success.
|9 8903
|
| 650 |
|
0 |
|a Quality of work life.
|9 8904
|
| 650 |
|
0 |
|a Business
|x Psychological aspects.
|9 8905
|
| 650 |
|
0 |
|a Job satisfaction.
|9 7972
|
| 650 |
|
0 |
|a Happiness.
|9 5720
|
| 942 |
|
|
|2 ddc
|c BK
|
| 999 |
|
|
|c 33836
|d 33836
|
| 952 |
|
|
|0 0
|1 0
|2 ddc
|4 0
|6 650_100000000000000_CSI
|7 0
|9 52825
|a SCL
|b SCL
|c GEN
|d 2015-03-02
|g 1500.00
|l 1
|o 650.1 CSI
|p 3020004545
|r 2022-06-19
|s 2022-06-12
|t 1
|w 2015-03-02
|y BK
|